000 01380cad a2200217 4500
008 011019n2003 000 0 eng u
020 _a9780511683978
035 _a(Sirsi) u157264
041 0 _aeng
100 1 _aBrooks, Chris
245 _aReal Estate Modelling and Forecasting
_h[electronic resource]
260 _aOxford
_bWiley Blackwell
_c2012
300 _aeBook
350 _a62.99
520 _aAssuming no prior knowledge of econometrics, this book introduces and explains a broad range of quantitative techniques that are relevant for the analysis of real estate data. It includes numerous detailed examples, giving readers the confidence they need to estimate and interpret their own models. Throughout, the book emphasises how various statistical techniques may be used for forecasting and shows how forecasts can be evaluated. Written by a highly experienced teacher of econometrics and a senior real estate professional, both of whom are widely known for their research, Real Estate Modelling and Forecasting is the first book to provide a practical introduction to the econometric analysis of real estate for students and practitioners.
650 2 4 _aEBOOK
651 4 _aENGLAND AND WALES
690 _aCOMMERCIAL PROPERTY
_96227
856 4 8 _uhttps://www.vlebooks.com/
_zView on VLEbooks. Logins for members only from [email protected]
942 _n0
999 _c114684
_d114684